[Event "IBCA World Individual Chess Championship"]
[Site "Rzeszow"]
[Date "2025.??.??"]
[Round "4.21"]
[White "Nurhayev, Erlan"]
[Black "Madjeric, Miroslav"]
[Result "1-0"]
[WhiteElo "1831"]
[BlackElo "1719"]
[PlyCount "73"]
[EventDate "2025.??.??"]

1. d4 d5 2. c4 c6 3. Nf3 Nf6 4. g3 dxc4 5. Bg2 e6 6. O-O Be7 7. Ne5 O-O 8. Nxc4
Nbd7 9. Nc3 Nb6 10. Ne5 Nbd5 11. Qc2 a6 12. Rd1 h6 13. a3 Qc7 14. Nd3 b5 15. e4
Nxc3 16. Qxc3 Bb7 17. Bf4 Qb6 18. Nc5 Rfc8 19. b4 Rd8 20. Rac1 Rac8 21. Qb3 Ba8
22. Bf3 Qa7 23. h4 Nh7 24. Nxe6 Re8 25. Nxg7 Kxg7 26. Bxh6+ Kxh6 27. Qxf7 Nf6
28. g4 Nxg4 29. Bxg4 Rg8 30. Qh5+ Kg7 31. Bxc8 Rxc8 32. Qg4+ Kf7 33. Qxc8 Bb7
34. Qh8 Qb6 35. Rd3 Ke6 36. d5+ cxd5 37. exd5+ 1-0

[Event "IBCA World Individual Chess Championship"]
[Site "Rzeszow"]
[Date "2025.??.??"]
[Round "4.22"]
[White "Polnar, Josef"]
[Black "Tryjanska, Emilia"]
[Result "1/2-1/2"]
[WhiteElo "1777"]
[BlackElo "1828"]
[PlyCount "47"]
[EventDate "2025.??.??"]

1. d4 d5 2. Nf3 Nf6 3. e3 e6 4. Bd3 Be7 5. Nbd2 O-O 6. O-O b6 7. Re1 c5 8. c3
Bb7 9. b3 Nc6 10. Bb2 Rc8 11. Rc1 Qc7 12. c4 cxd4 13. Nxd4 Qd7 14. N2f3 dxc4
15. Bxc4 Rfd8 16. Nxc6 Qxc6 17. Qe2 Qe4 18. Red1 h6 19. Rxd8+ Rxd8 20. Rd1
Rxd1+ 21. Qxd1 Qc6 22. h3 Nd7 23. Bf1 Qd5 24. Qxd5 1/2-1/2

[Event "IBCA World Individual Chess Championship"]
[Site "Rzeszow"]
[Date "2025.??.??"]
[Round "4.23"]
[White "Hogan, Gary"]
[Black "Spionkowski, Fabian"]
[Result "0-1"]
[WhiteElo "1737"]
[BlackElo "1823"]
[PlyCount "90"]
[EventDate "2025.??.??"]

1. c4 Nf6 2. g3 g6 3. Bg2 Bg7 4. Nc3 O-O 5. e4 d6 6. Nge2 e5 7. O-O c5 8. d3
Nc6 9. f4 Nd4 10. Nxd4 cxd4 11. Ne2 Qb6 12. h3 Nd7 13. f5 f6 14. fxg6 hxg6 15.
g4 Nc5 16. Ng3 Bd7 17. Rf2 Rf7 18. b3 Raf8 19. Qe2 Qa5 20. Rb1 Qb4 21. Bd2 Qa3
22. Bc1 Qb4 23. Qc2 b5 24. a3 Qc3 25. Qa2 Qxd3 26. Rf3 Qd1+ 27. Kh2 bxc4 28.
Bd2 cxb3 29. Rfxb3 Qxb3 30. Rxb3 Be6 31. Bb4 Bxb3 32. Qb2 Rb8 33. Bf1 Bh6 34.
Bxc5 dxc5 35. Bc4 Kg7 36. Bxf7 Kxf7 37. h4 Bf4 38. g5 c4 39. Qf2 c3 40. Kg2 Bc4
41. Qf3 c2 42. h5 c1=Q 43. hxg6+ Kg8 44. Qh5 Rb2+ 45. Kh3 Bf1+ 0-1

[Event "IBCA World Individual Chess Championship"]
[Site "Rzeszow"]
[Date "2025.??.??"]
[Round "4.24"]
[White "Zhakov, Aleksandr"]
[Black "Lukasiewicz, Ignacy"]
[Result "0-1"]
[WhiteElo "1686"]
[BlackElo "1793"]
[PlyCount "88"]
[EventDate "2025.??.??"]

1. Nf3 Nf6 2. b3 d5 3. Bb2 c6 4. g3 Bg4 5. Bg2 Nbd7 6. d4 e6 7. O-O Be7 8. Nbd2
O-O 9. c4 Qc7 10. Rc1 Rfe8 11. Ne5 Bf5 12. Ndf3 h6 13. Re1 Rad8 14. cxd5 exd5
15. Nh4 Bh7 16. Bh3 Bd6 17. f4 Qb6 18. e3 a5 19. Nf5 Bf8 20. a3 Nxe5 21. fxe5
Ne4 22. Nh4 c5 23. Nf3 c4 24. Nd2 Nxd2 25. Qxd2 Qxb3 26. Rc3 Qb6 27. Qf2 Qc7
28. Rcc1 b5 29. Bf5 Bxf5 30. Qxf5 b4 31. axb4 axb4 32. e4 Qb7 33. exd5 Qxd5 34.
Rcd1 c3 35. Ba1 Rc8 36. Rd3 c2 37. Qf4 Qc4 38. Rf3 c1=Q 39. Rxc1 Qxc1+ 40. Rf1
Qxf4 41. gxf4 Rc2 42. d5 b3 43. Bd4 b2 44. Be3 Ra8 0-1

[Event "IBCA World Individual Chess Championship"]
[Site "Rzeszow"]
[Date "2025.??.??"]
[Round "4.25"]
[White "Polnarova, Tatana"]
[Black "Dilkova, Ilinka"]
[Result "1-0"]
[WhiteElo "1737"]
[BlackElo "1606"]
[PlyCount "159"]
[EventDate "2025.??.??"]

1. e4 c5 2. Nf3 d6 3. Bb5+ Bd7 4. Bxd7+ Nxd7 5. O-O Ngf6 6. d3 g6 7. Bf4 Bg7 8.
c3 Qb6 9. Qc2 O-O 10. Nbd2 Nh5 11. Nc4 Qc7 12. Bd2 b5 13. Ne3 e6 14. Ng4 a6 15.
Qc1 f5 16. exf5 exf5 17. Ne3 Nf4 18. Qc2 Qd8 19. Rae1 Ne5 20. Nxe5 dxe5 21. d4
cxd4 22. cxd4 exd4 23. Qb3+ Kh8 24. Nc2 Qg5 25. Bxf4 Qxf4 26. Qd3 Qd6 27. Re2
Rfe8 28. Rfe1 Rxe2 29. Rxe2 Rc8 30. Rd2 Rd8 31. Ne1 Qe6 32. Qb1 Bh6 33. Rd3 Bg7
34. Nf3 Bf6 35. a3 g5 36. Qd1 Qe4 37. Ne1 g4 38. f3 gxf3 39. Nxf3 Qf4 40. Qe1
h6 41. Nd2 Qd6 42. Rh3 Bg5 43. Nf3 Be3+ 44. Kf1 Re8 45. Qe2 Rc8 46. Ne1 Qf4+
47. Qf3 Qxf3+ 48. Rxf3 f4 49. Ke2 Kg7 50. g3 fxg3 51. hxg3 Rc1 52. Nd3 Rh1 53.
Nc5 Rh2+ 54. Kd3 Rd2+ 55. Ke4 Kg6 56. Ne6 Rf2 57. Rxf2 Bxf2 58. Kf3 Be3 59. b3
Kf5 60. Nc7 Ke5 61. Nxa6 Bc1 62. a4 bxa4 63. bxa4 d3 64. Nc5 d2 65. Ke2 Kd5 66.
Nb3 Kc4 67. Nxd2+ Kb4 68. a5 Kb5 69. g4 Bb2 70. Kf3 Kxa5 71. Nc4+ Kb5 72. Nxb2
Kc6 73. Kf4 Kd6 74. Kf5 h5 75. gxh5 Ke7 76. Kg6 Kf8 77. h6 Kg8 78. Nd3 Kh8 79.
Ne5 Kg8 80. h7+ 1-0

[Event "IBCA World Individual Chess Championship"]
[Site "Rzeszow"]
[Date "2025.??.??"]
[Round "4.26"]
[White "Sanchez Ruiz, Piedad Esmeralda"]
[Black "Muratova, Aliya"]
[Result "1-0"]
[WhiteElo "1733"]
[BlackElo "1471"]
[PlyCount "73"]
[EventDate "2025.??.??"]

1. e4 c5 2. Nf3 Nc6 3. d4 cxd4 4. Nxd4 e5 5. Nb5 d6 6. a4 a6 7. N5a3 Nf6 8. Nc3
Be6 9. Bg5 Be7 10. Bxf6 Bxf6 11. Nc4 Bxc4 12. Bxc4 O-O 13. Nd5 g6 14. O-O Bg7
15. c3 Rc8 16. Ba2 Ne7 17. g3 Nxd5 18. Bxd5 Qb6 19. Qd2 h5 20. a5 Qc7 21. c4
Kh7 22. b4 Qd7 23. Rfb1 Rc7 24. b5 axb5 25. Rxb5 h4 26. Rab1 h3 27. Qe2 Ra8 28.
Qf3 Rh8 29. Rxb7 f6 30. a6 g5 31. g4 Rhc8 32. Qxh3+ Bh6 33. Qf3 Bg7 34. Qf5+
Qxf5 35. exf5 Rc5 36. a7 Ra5 37. Rd7 1-0

[Event "IBCA World Individual Chess Championship"]
[Site "Rzeszow"]
[Date "2025.??.??"]
[Round "4.27"]
[White "Horbalova, Ivana"]
[Black "Galani, Mahendra"]
[Result "1-0"]
[WhiteElo "1528"]
[BlackElo "1593"]
[PlyCount "103"]
[EventDate "2025.??.??"]

1. c4 e5 2. g3 Nf6 3. Bg2 c6 4. e3 Bb4 5. Ne2 d5 6. cxd5 Nxd5 7. O-O Be6 8. b3
O-O 9. Ba3 Na6 10. Bb2 Qg5 11. Nbc3 Nxc3 12. dxc3 Rad8 13. Qc2 Bd6 14. Rad1 Bf5
15. Qc1 Qg6 16. Qa1 Bc2 17. Rd2 Bd3 18. Re1 Bf5 19. Nc1 e4 20. Bf1 Nc5 21. c4
Ne6 22. h4 f6 23. a3 Qg4 24. Bg2 Be7 25. Red1 Rxd2 26. Rxd2 Nc5 27. b4 Na4 28.
Bc3 c5 29. Ne2 Be6 30. Qd1 Nb6 31. Nf4 Qxd1+ 32. Rxd1 Bxc4 33. Bxe4 Bb3 34. Rb1
Ba2 35. Rd1 Na4 36. Nd5 Bd8 37. Ba1 Re8 38. f3 Kh8 39. Nc3 Nb6 40. Nxa2 Nc4 41.
Kf2 cxb4 42. Nxb4 Bb6 43. Bd4 Rd8 44. Nd5 Rb8 45. f4 Bxd4 46. Rxd4 b5 47. a4 a6
48. axb5 axb5 49. Nb4 g6 50. Bc6 Rc8 51. Rd7 Kg8 52. e4 1-0

[Event "IBCA World Individual Chess Championship"]
[Site "Rzeszow"]
[Date "2025.??.??"]
[Round "4.28"]
[White "Sharofova, Raykhona"]
[Black "Lherbon De Lussats, Jean"]
[Result "1-0"]
[WhiteElo "1446"]
[BlackElo "1529"]
[PlyCount "85"]
[EventDate "2025.??.??"]

1. d4 d5 2. e3 c5 3. c3 Nf6 4. Bd3 e6 5. f4 Be7 6. Nf3 O-O 7. Nbd2 Nbd7 8. O-O
c4 9. Bc2 Ng4 10. Qe2 b5 11. Ne5 Ngxe5 12. fxe5 f6 13. Nf3 Bb7 14. Bd2 Qc7 15.
Be1 fxe5 16. Nxe5 Bd6 17. Qh5 Rxf1+ 18. Kxf1 Rf8+ 19. Kg1 Nf6 20. Qh3 Bc8 21.
Bh4 h6 22. Bg3 Ne4 23. Bxe4 dxe4 24. Qg4 g5 25. Qxe4 Bb7 26. Qg6+ Qg7 27. Qxe6+
Kh7 28. Qxd6 Rf6 29. Qc5 a6 30. Ng4 Rc6 31. Qf5+ Kg8 32. Rf1 Bc8 33. Qd5+ Re6
34. Qd8+ Kh7 35. Qxc8 Rg6 36. Be5 Qg8 37. Nf6+ Rxf6 38. Qxg8+ Kxg8 39. Rxf6 h5
40. Rxa6 Kf7 41. Rb6 g4 42. Rxb5 Ke6 43. Bg3 1-0

[Event "IBCA World Individual Chess Championship"]
[Site "Rzeszow"]
[Date "2025.??.??"]
[Round "5.1"]
[White "Nikac, Predrag"]
[Black "Tazbir, Marcin"]
[Result "1/2-1/2"]
[WhiteElo "2231"]
[BlackElo "2529"]
[PlyCount "117"]
[EventDate "2025.??.??"]

1. e4 e5 2. Nf3 Nc6 3. Bc4 Nf6 4. d3 h6 5. O-O d6 6. c3 g5 7. Nbd2 Bg7 8. Re1
g4 9. Nh4 Nxe4 10. Nf5 Bxf5 11. dxe4 Bd7 12. Qb3 O-O 13. Qxb7 Na5 14. Qa6 Nxc4
15. Nxc4 f5 16. exf5 Rxf5 17. Ne3 Rf7 18. Qe2 h5 19. c4 Bc6 20. Bd2 Qf6 21. Nd5
Qe6 22. Qe4 Raf8 23. Be3 Ba8 24. Rad1 Rd7 25. Qd3 Qf7 26. b4 c6 27. Nc3 d5 28.
Ne4 Re7 29. Ng5 Qf5 30. Qxf5 Rxf5 31. Bc5 Re8 32. h4 gxh3 33. Nxh3 a6 34. Rd3
Bb7 35. f3 Kf7 36. Nf2 Rf4 37. Rc1 Ke6 38. Nh3 Rf6 39. Re1 Kf5 40. a4 Rf7 41.
Nf2 Rc8 42. Rde3 Re8 43. Bd6 a5 44. Nd3 e4 45. fxe4+ Rxe4 46. Rf1+ Kg6 47. Rxe4
dxe4 48. Rxf7 Kxf7 49. Nc5 Bd4+ 50. Kf1 Bxc5 51. bxc5 Ba6 52. Kf2 Bxc4 53. Ke3
Bb3 54. Bc7 Bxa4 55. Bxa5 Bc2 56. Bc7 Ke6 57. g3 Kd5 58. Bd6 Bd1 59. Be7
1/2-1/2

[Event "IBCA World Individual Chess Championship"]
[Site "Rzeszow"]
[Date "2025.??.??"]
[Round "5.2"]
[White "Dukaczewski, Piotr"]
[Black "Pulvett Marin, Daniel Eduardo"]
[Result "0-1"]
[WhiteElo "2164"]
[BlackElo "2483"]
[PlyCount "31"]
[EventDate "2025.??.??"]

1. g3 e6 2. c4 d5 3. Bg2 Nf6 4. Nf3 d4 5. O-O c5 6. d3 Nc6 7. e3 Bd6 8. exd4
cxd4 9. Na3 O-O 10. Nc2 e5 11. a3 a5 12. Bg5 h6 13. Bxf6 Qxf6 14. Re1 Bg4 15.
h3 Bh5 16. Rb1 0-1

[Event "IBCA World Individual Chess Championship"]
[Site "Rzeszow"]
[Date "2025.??.??"]
[Round "5.3"]
[White "Magnusson, Jorgen"]
[Black "Kimsanboyev, Axadxon"]
[Result "1-0"]
[WhiteElo "2237"]
[BlackElo "1993"]
[PlyCount "65"]
[EventDate "2025.??.??"]

1. e4 c5 2. Nc3 Nc6 3. g3 g6 4. Bg2 Bg7 5. d3 d6 6. Be3 e5 7. Qd2 Nge7 8. Bh6
O-O 9. Bxg7 Kxg7 10. h4 f6 11. h5 g5 12. h6+ Kh8 13. f4 gxf4 14. gxf4 Ng6 15.
Nd5 Nce7 16. f5 Nf4 17. Nxf4 exf4 18. Nh3 d5 19. Nxf4 d4 20. O-O-O Rb8 21. Rdg1
Qd6 22. Bf3 Bd7 23. Rg7 Rg8 24. Rhg1 Qe5 25. Nh5 Rbc8 26. Rxg8+ Rxg8 27. Rxg8+
Kxg8 28. Qg2+ Kf8 29. Qg7+ Ke8 30. Qh8+ Ng8 31. Qxg8+ Ke7 32. Qg7+ Kd8 33.
Qxf6+ 1-0

[Event "IBCA World Individual Chess Championship"]
[Site "Rzeszow"]
[Date "2025.??.??"]
[Round "5.4"]
[White "Kishan, Gangolli"]
[Black "Eichstaedt, Mirko"]
[Result "1/2-1/2"]
[WhiteElo "2026"]
[BlackElo "2205"]
[PlyCount "41"]
[EventDate "2025.??.??"]

1. d4 d5 2. c4 c6 3. Nf3 e6 4. Nbd2 Nf6 5. Qc2 Nbd7 6. g3 b6 7. Bg2 Bb7 8. O-O
Be7 9. e4 dxe4 10. Nxe4 c5 11. Nxf6+ Bxf6 12. d5 O-O 13. dxe6 fxe6 14. Ng5 Bxg5
15. Bxb7 Rb8 16. Be4 h6 17. Bxg5 Qxg5 18. Rad1 Rf7 19. f4 Qf6 20. f5 Kh8 21.
fxe6 1/2-1/2

[Event "IBCA World Individual Chess Championship"]
[Site "Rzeszow"]
[Date "2025.??.??"]
[Round "5.5"]
[White "Stachanczyk, Jacek"]
[Black "Abiad Parra, Victor"]
[Result "1-0"]
[WhiteElo "2122"]
[BlackElo "1930"]
[PlyCount "79"]
[EventDate "2025.??.??"]

1. e4 e5 2. Nf3 Nc6 3. Bb5 a6 4. Ba4 Bc5 5. O-O Nge7 6. c3 Ng6 7. d4 Ba7 8.
dxe5 Ncxe5 9. Nd4 O-O 10. f4 f6 11. Bb3+ Kh8 12. Kh1 c5 13. Nf5 c4 14. Bc2 Nf7
15. Qd5 Rb8 16. Qxc4 b5 17. Qd3 d6 18. Be3 Bc5 19. Nd4 Qe8 20. Nd2 Bb7 21. Rae1
Qd7 22. Qe2 Rfe8 23. Qh5 Nf8 24. Rf3 Nh6 25. Rg3 Qf7 26. Qh4 Re7 27. Bb3 Ng6
28. Qh3 Qe8 29. f5 Bxd4 30. cxd4 Bc8 31. Bxh6 gxh6 32. Qxh6 Bxf5 33. Rf1 Bxe4
34. Rxf6 Rc8 35. h3 Bb1 36. Kh2 Re1 37. Rf7 Qg8 38. Nf3 Rf1 39. Ng5 Nf8 40.
Rxf1 1-0

[Event "IBCA World Individual Chess Championship"]
[Site "Rzeszow"]
[Date "2025.??.??"]
[Round "5.6"]
[White "Wolanski, Michal"]
[Black "Fernandez Lago, David"]
[Result "0-1"]
[WhiteElo "1990"]
[BlackElo "2080"]
[PlyCount "56"]
[EventDate "2025.??.??"]

1. c4 e6 2. e4 c5 3. Nc3 Nc6 4. g3 g6 5. Bg2 Bg7 6. Nge2 Nge7 7. O-O O-O 8. a3
a6 9. Rb1 d6 10. b4 Nd4 11. bxc5 dxc5 12. d3 Nec6 13. Be3 Qa5 14. f4 Rd8 15. e5
Qxa3 16. Be4 f5 17. exf6 Bxf6 18. Bd2 Nb4 19. Nxd4 Bxd4+ 20. Kg2 Bxc3 21. Rb3
Qxb3 22. Qxb3 Bxd2 23. h4 Bd7 24. h5 Bc6 25. hxg6 Rxd3 26. gxh7+ Kh8 27. Qb2+
Bc3 28. Qe2 Rd2 0-1

[Event "IBCA World Individual Chess Championship"]
[Site "Rzeszow"]
[Date "2025.??.??"]
[Round "5.7"]
[White "Mueller, Dominik"]
[Black "Mueller, Thorsten"]
[Result "1/2-1/2"]
[WhiteElo "2247"]
[BlackElo "1976"]
[PlyCount "28"]
[EventDate "2025.??.??"]

1. d4 d5 2. c4 c6 3. Nf3 Nf6 4. Qc2 Bg4 5. Nbd2 e6 6. g3 Nbd7 7. Bg2 Be7 8. O-O
O-O 9. h3 Bf5 10. Qb3 Qb6 11. Qxb6 axb6 12. g4 Bg6 13. b3 Ne4 14. Bb2 Rfd8
1/2-1/2

[Event "IBCA World Individual Chess Championship"]
[Site "Rzeszow"]
[Date "2025.??.??"]
[Round "5.8"]
[White "Chojnowski, Marcin"]
[Black "Pribeanu, Mihail-dacian"]
[Result "0-1"]
[WhiteElo "1935"]
[BlackElo "2140"]
[PlyCount "82"]
[EventDate "2025.??.??"]

1. d4 d6 2. Bf4 c5 3. dxc5 Qa5+ 4. Nc3 Qxc5 5. Qd2 Nf6 6. e4 a6 7. O-O-O e5 8.
Be3 Qc7 9. f4 Be7 10. fxe5 dxe5 11. Nd5 Nxd5 12. exd5 Bd6 13. Nf3 O-O 14. g4
Bxg4 15. Be2 Bxf3 16. Bxf3 f5 17. Rdg1 e4 18. Bh5 Kh8 19. Kb1 Nd7 20. Rg5 Rf6
21. Rhg1 Rg8 22. Qg2 Ne5 23. Bd4 g6 24. Qh3 Qf7 25. Be2 Re8 26. c4 Kg8 27. Qc3
h6 28. R5g2 f4 29. Bd1 f3 30. Rf2 Nd3 31. Bxf6 Nxf2 32. Bb3 Bc5 33. Bd4 Nd3 34.
Bc2 f2 35. Rf1 Bxd4 36. Qxd4 Qf3 37. d6 Qe2 38. Qd5+ Kh8 39. Qd4+ Kh7 40. Bxd3
exd3 41. Rc1 f1=Q 0-1

[Event "IBCA World Individual Chess Championship"]
[Site "Rzeszow"]
[Date "2025.??.??"]
[Round "5.9"]
[White "Hahnewald, Uwe"]
[Black "Racis, Michal"]
[Result "0-1"]
[WhiteElo "1933"]
[BlackElo "2104"]
[PlyCount "114"]
[EventDate "2025.??.??"]

1. e4 c5 2. Nf3 Nc6 3. c3 d5 4. exd5 Qxd5 5. Na3 g6 6. Bc4 Qd8 7. d4 cxd4 8.
cxd4 Bg7 9. Be3 Nf6 10. O-O O-O 11. Nc2 Nd5 12. Qe2 a6 13. Rac1 Bf5 14. Rfd1
Rc8 15. Ne5 Na5 16. Bd3 Bxd3 17. Qxd3 Nc6 18. Qe4 e6 19. a3 Qd6 20. Nxc6 Rxc6
21. Ne1 Rxc1 22. Rxc1 f5 23. Qd3 Nxe3 24. fxe3 e5 25. d5 e4 26. Qb3 Rd8 27. Rd1
Qc5 28. Kh1 Qb5 29. Qxb5 axb5 30. Rd2 Kf7 31. Kg1 Ke7 32. Kf2 Kd6 33. b3 Rc8
34. Rc2 Rxc2+ 35. Nxc2 Kxd5 36. Ke2 Be5 37. h3 Bc3 38. Kd1 Ke5 39. Ke2 g5 40.
g3 h6 41. Kf2 Bb2 42. Ke2 f4 43. gxf4+ gxf4 44. exf4+ Kxf4 45. a4 bxa4 46. bxa4
h5 47. Ne3 Bc3 48. Nc2 Ba5 49. Nd4 h4 50. Nb3 Bb6 51. Nd2 Ba7 52. Nc4 Kg3 53.
Nd6 e3 54. Nxb7 Kxh3 55. Nd6 Kg2 56. Nb5 Bc5 57. Nc3 h3 0-1

[Event "IBCA World Individual Chess Championship"]
[Site "Rzeszow"]
[Date "2025.??.??"]
[Round "5.10"]
[White "Jumadullayev, Kuanishbek"]
[Black "Dima, Mihai"]
[Result "1/2-1/2"]
[WhiteElo "2082"]
[BlackElo "1962"]
[PlyCount "162"]
[EventDate "2025.??.??"]

1. d4 d5 2. c4 e6 3. g3 Nf6 4. Nf3 Be7 5. Bg2 O-O 6. O-O Nbd7 7. Nbd2 Re8 8.
Qc2 c6 9. e4 dxe4 10. Nxe4 Nxe4 11. Qxe4 Nf6 12. Qe2 Bd6 13. Rd1 h6 14. b3 Qe7
15. c5 Bc7 16. Bb2 Nd5 17. a3 a5 18. Rac1 Bd7 19. Ne5 Red8 20. f4 Be8 21. Re1
Qf6 22. Be4 Qe7 23. Bb1 f5 24. Nc4 Kf7 25. Qf3 Qf6 26. Re2 Bd7 27. Rce1 Re8 28.
h4 g6 29. Ne5+ Bxe5 30. dxe5 Qe7 31. Bd4 h5 32. Bd3 Rab8 33. Qf2 Qd8 34. Rc2
Ra8 35. Rc4 Qc7 36. Qd2 Ra7 37. Rec1 Rea8 38. Kg2 Qd8 39. Kf3 Bc8 40. Kg2 Bd7
41. Be2 Be8 42. Bf3 Kg7 43. Bf2 Qc7 44. Rd1 Rd8 45. Kh2 Raa8 46. Qe1 Ra6 47.
Qd2 Raa8 48. Qe2 Ra6 49. Be1 Qe7 50. Rdc1 Qc7 51. Bd2 Rda8 52. Qe1 Qd8 53. Rd4
Qc7 54. Be2 R6a7 55. Rb1 Bd7 56. Rc4 Qd8 57. Bf3 Qc7 58. Bc3 Qd8 59. Bd2 Qc7
60. Kg2 Qd8 61. Kf2 Be8 62. Ke2 Kf8 63. Ra4 Kg7 64. Rd4 Qe7 65. Rc4 Qd8 66. Kf2
Qc7 67. Be2 Qd8 68. Bc3 Qc7 69. Qd2 Rd8 70. Bd4 Rda8 71. Bf3 Ra6 72. Kg2 Qd8
73. Bc3 Qc7 74. Kh2 Qd8 75. Rd4 Qc7 76. Re1 Qe7 77. Be2 R6a7 78. Rc4 Qc7 79.
Bd4 Qd8 80. Bf3 Qc7 81. Qf2 Rd8 1/2-1/2

[Event "IBCA World Individual Chess Championship"]
[Site "Rzeszow"]
[Date "2025.??.??"]
[Round "5.11"]
[White "Casadei, Marco"]
[Black "Salamon, Julia"]
[Result "1/2-1/2"]
[WhiteElo "2011"]
[BlackElo "1954"]
[PlyCount "39"]
[EventDate "2025.??.??"]

1. e4 c5 2. Nf3 Nc6 3. d4 cxd4 4. Nxd4 g6 5. Bc4 Bg7 6. Be3 Nf6 7. Nc3 O-O 8.
Bb3 Re8 9. f3 e6 10. O-O d5 11. exd5 Nxd5 12. Nxd5 exd5 13. Bf2 Na5 14. c3 b6
15. Re1 Rxe1+ 16. Qxe1 Nxb3 17. axb3 Qd7 18. Qe2 Bb7 19. Re1 Kf8 20. Qb5
1/2-1/2

[Event "IBCA World Individual Chess Championship"]
[Site "Rzeszow"]
[Date "2025.??.??"]
[Round "5.13"]
[White "Spionkowski, Fabian"]
[Black "Falkowski, Dawid"]
[Result "1/2-1/2"]
[WhiteElo "1823"]
[BlackElo "1971"]
[PlyCount "21"]
[EventDate "2025.??.??"]

1. g3 e5 2. Bg2 d5 3. d3 f5 4. e4 Nf6 5. exd5 Nxd5 6. Nf3 Nc6 7. O-O Be7 8. Re1
O-O 9. Nxe5 Nd4 10. c3 Ne6 11. Nd2 1/2-1/2

[Event "IBCA World Individual Chess Championship"]
[Site "Rzeszow"]
[Date "2025.??.??"]
[Round "5.15"]
[White "Lukasiewicz, Ignacy"]
[Black "Egeman, Emilia"]
[Result "1-0"]
[WhiteElo "1793"]
[BlackElo "1933"]
[PlyCount "125"]
[EventDate "2025.??.??"]

1. d4 Nf6 2. c4 g6 3. Nc3 Bg7 4. e4 d6 5. Be2 O-O 6. Be3 e5 7. d5 Nbd7 8. g4
Nc5 9. f3 a5 10. h4 h6 11. h5 g5 12. a3 c6 13. b4 axb4 14. axb4 Rxa1 15. Qxa1
Nb3 16. Qb1 Nd4 17. Nh3 Qb6 18. Kf2 Bd7 19. Na4 Qa6 20. Nb2 cxd5 21. Bxd4 exd4
22. cxd5 Qa7 23. Bd3 Rc8 24. Rc1 Rxc1 25. Qxc1 Qa3 26. Qd2 Qc3 27. Nc4 Bb5 28.
Qxc3 dxc3 29. Ke3 Bxc4 30. Bxc4 Nd7 31. Ng1 Ne5 32. Bb5 Kf8 33. Ke2 Ke7 34. Kd1
Kd8 35. Kc2 Kc7 36. Kd1 Kb6 37. Bf1 Bf6 38. Kc2 Bg7 39. Kd1 Nd7 40. Kc2 Kc7 41.
Bb5 Ne5 42. Bf1 Kd8 43. Be2 Ke7 44. Nh3 Bf6 45. Nf2 Nd7 46. Nd1 Be5 47. Nxc3
Bxc3 48. Kxc3 Nb6 49. Bb5 f6 50. Kd4 Kd8 51. Ke3 Nc8 52. f4 Ne7 53. fxg5 fxg5
54. Kd4 Kc7 55. e5 b6 56. Ke4 Nc8 57. Bc6 Ne7 58. b5 dxe5 59. Kxe5 Nc8 60. Kf6
Nd6 61. Kg6 Ne4 62. Kxh6 Kd8 63. Kg6 1-0

[Event "IBCA World Individual Chess Championship"]
[Site "Rzeszow"]
[Date "2025.??.??"]
[Round "5.16"]
[White "Kuanyshuly, Nurgisa"]
[Black "Morariu, Ionel"]
[Result "1-0"]
[WhiteElo "1767"]
[BlackElo "1933"]
[PlyCount "79"]
[EventDate "2025.??.??"]

1. d4 Nf6 2. c4 e5 3. dxe5 Ng4 4. Nf3 Bc5 5. e3 Nc6 6. a3 a5 7. Nc3 Ngxe5 8.
Be2 O-O 9. O-O Nxf3+ 10. Bxf3 Ne5 11. Be2 Ra6 12. Nd5 Qh4 13. f4 Ng6 14. Nxc7
Rd6 15. Nd5 Re8 16. Qe1 Qd8 17. b4 Ba7 18. Bf3 Nh4 19. Qf2 Nxf3+ 20. Qxf3 b5
21. c5 Rde6 22. Bb2 d6 23. Bd4 dxc5 24. bxc5 Re4 25. Nc3 Rxd4 26. exd4 Qxd4+
27. Kh1 Qxc5 28. Rfe1 Rf8 29. Nd5 Be6 30. Red1 Rc8 31. f5 Bxd5 32. Rxd5 Qb6 33.
Rad1 h6 34. Qb3 b4 35. axb4 axb4 36. Rd7 Rf8 37. R7d6 Qc5 38. f6 g6 39. Rd8
Rxd8 40. Rxd8+ 1-0

[Event "IBCA World Individual Chess Championship"]
[Site "Rzeszow"]
[Date "2025.??.??"]
[Round "5.20"]
[White "Migala, Andrzej"]
[Black "Polnar, Josef"]
[Result "1/2-1/2"]
[WhiteElo "1884"]
[BlackElo "1777"]
[PlyCount "64"]
[EventDate "2025.??.??"]

1. e4 c5 2. Nc3 d6 3. Nf3 Nc6 4. d4 cxd4 5. Nxd4 Bd7 6. g3 g6 7. Nde2 Bg7 8.
Bg2 Nf6 9. O-O O-O 10. h3 Qc8 11. Kh2 Rb8 12. Nd5 Nxd5 13. exd5 Nd8 14. a4 b6
15. Ra2 Nb7 16. b3 Qc7 17. c4 Rbe8 18. Nd4 h6 19. Re1 Nd8 20. Bb2 Kh7 21. Qd2
Nb7 22. h4 Rh8 23. Bf3 Kg8 24. h5 g5 25. Kg2 Qc8 26. Bd1 Bh3+ 27. Kh2 Bd7 28.
f3 Na5 29. Qd3 Nb7 30. Bc2 Nc5 31. Qd2 Bf6 32. Qd1 Na6 1/2-1/2

[Event "IBCA World Individual Chess Championship"]
[Site "Rzeszow"]
[Date "2025.??.??"]
[Round "5.22"]
[White "Horbal, Jozef"]
[Black "Polnarova, Tatana"]
[Result "1/2-1/2"]
[WhiteElo "1829"]
[BlackElo "1737"]
[PlyCount "34"]
[EventDate "2025.??.??"]

1. d4 e6 2. c4 d5 3. Nf3 Nf6 4. Bg5 Be7 5. Nc3 O-O 6. e3 b6 7. Be2 Bb7 8. O-O
dxc4 9. Bxc4 Nbd7 10. Re1 Ne4 11. Nxe4 Bxe4 12. Bxe7 Qxe7 13. Bd3 Bxd3 14. Qxd3
c5 15. Rac1 cxd4 16. Nxd4 Nc5 17. Qd2 Rfc8 1/2-1/2

[Event "IBCA World Individual Chess Championship"]
[Site "Rzeszow"]
[Date "2025.??.??"]
[Round "5.23"]
[White "Tryjanska, Emilia"]
[Black "Ikromalieva, Sabokhat"]
[Result "1-0"]
[WhiteElo "1828"]
[BlackElo "1574"]
[PlyCount "107"]
[EventDate "2025.??.??"]

1. e4 c5 2. c3 d5 3. exd5 Qxd5 4. d4 Nf6 5. Nf3 Bg4 6. Be2 g6 7. O-O Bg7 8. Be3
cxd4 9. Nxd4 Bxe2 10. Qxe2 O-O 11. Nb5 Ng4 12. Bf4 e5 13. Nc7 Qd7 14. Nxa8 exf4
15. Nc7 Ne5 16. Nb5 f3 17. gxf3 Qh3 18. Nd4 Rd8 19. Nd2 Nbc6 20. Qe3 Rxd4 21.
cxd4 Nxd4 22. Kh1 Nexf3 23. Nxf3 Nxf3 24. Qe8+ Bf8 25. Qb8 Qg4 26. Qg3 Qe4 27.
Qg2 Bd6 28. h3 Qf4 29. Qg3 Qe4 30. Qg4 Bf4 31. Qg2 Be5 32. Rfe1 Qf5 33. Re2 h5
34. Re3 Nh4 35. Qe4 Bxb2 36. Rb1 Bd4 37. Qxf5 Nxf5 38. Re8+ Kg7 39. Rd8 b6 40.
Kg2 Kf6 41. Ra8 Nh4+ 42. Kg3 Nf5+ 43. Kf3 Nh4+ 44. Ke2 a5 45. Rb8 Ke5 46. Rb5+
Kd6 47. Rd8+ Kc6 48. Rxd4 Kxb5 49. Rxh4 f5 50. Kd3 Kc5 51. Rc4+ Kd5 52. Rc8 g5
53. Rh8 h4 54. Rh5 1-0

[Event "IBCA World Individual Chess Championship"]
[Site "Rzeszow"]
[Date "2025.??.??"]
[Round "5.25"]
[White "Dilkova, Ilinka"]
[Black "Hogan, Gary"]
[Result "0-1"]
[WhiteElo "1606"]
[BlackElo "1737"]
[PlyCount "76"]
[EventDate "2025.??.??"]

1. d4 g6 2. e4 d6 3. Nf3 Nf6 4. Bd3 Bg7 5. Bg5 h6 6. Be3 O-O 7. h3 e5 8. c3
Nbd7 9. Qd2 Kh7 10. Qc2 Qe7 11. Nbd2 exd4 12. cxd4 c5 13. O-O b6 14. Rfe1 Bb7
15. Bf4 Nh5 16. Be3 Rac8 17. d5 Ne5 18. Be2 Nf6 19. Nxe5 Qxe5 20. f4 Qe7 21.
Qa4 Nxd5 22. exd5 Qxe3+ 23. Kh2 Qxd2 24. Rad1 Qa5 25. Qb3 Qb4 26. Qd3 Qxf4+ 27.
Kh1 Rce8 28. Rf1 Qe4 29. Qxe4 Rxe4 30. Bf3 Re7 31. Rb1 Rfe8 32. Rfc1 Ba6 33. b4
Bd3 34. Rb3 c4 35. Rxd3 cxd3 36. Rc6 Re3 37. Kg1 Rxf3 38. gxf3 d2 0-1

[Event "IBCA World Individual Chess Championship"]
[Site "Rzeszow"]
[Date "2025.??.??"]
[Round "5.26"]
[White "Madjeric, Miroslav"]
[Black "Sharofova, Raykhona"]
[Result "1-0"]
[WhiteElo "1719"]
[BlackElo "1446"]
[PlyCount "81"]
[EventDate "2025.??.??"]

1. Nf3 d5 2. b4 e6 3. Bb2 Nf6 4. a3 Nbd7 5. e3 Be7 6. c4 dxc4 7. Bxc4 Nb6 8.
Be2 O-O 9. d4 Nbd5 10. Nbd2 c6 11. Bd3 a5 12. bxa5 Qxa5 13. O-O Qc7 14. g3 b5
15. e4 Nb6 16. Qc2 g6 17. Rfc1 Bb7 18. Bxb5 Rfc8 19. Ne5 c5 20. a4 Ba6 21. dxc5
Bxb5 22. axb5 Rxa1 23. Bxa1 Bxc5 24. Nc6 Kg7 25. Qc3 Nbd7 26. Qf3 Qb6 27. Rb1
Ra8 28. Nc4 Qc7 29. g4 Bd6 30. Nxd6 Qxd6 31. g5 Kg8 32. gxf6 Ra3 33. Qd1 Qf4
34. Be5 Qg5+ 35. Kh1 Nxf6 36. Bxf6 Qxf6 37. Qd8+ Kg7 38. Qxf6+ Kxf6 39. b6 Ra8
40. b7 Re8 41. b8=Q 1-0